Statistics for Movies by City

Click here to take the quiz!

General Stats

  • This quiz has been taken 81 times
  • The average score is 11 of 20

Answer Stats

MovieAnswer% Correct
Ocean's 11Las Vegas
97%
The GodfatherNew York City
97%
AmelieParis
90%
The TerminatorLos Angeles
88%
Slumdog MillionaireMumbai
78%
SnatchLondon
77%
Lost in TranslationTokyo
77%
City of GodRio de Janeiro
64%
District 9Johannesburg
62%
Women on the Verge of a Nervous BreakdownMadrid
55%
Amores PerrosMexico City
48%
BiutifulBarcelona
45%
The Sixth SensePhiladelphia
45%
Wings of DesireBerlin
40%
The Last King of ScotlandKampala
38%
JawsAmity
34%
OnceDublin
21%
GooniesAstoria
5%
RoninNice
5%
The Shawshank RedemptionMansfield
0%

Score Distribution

Percentile by Number Answered

Percent of People with Each Score

Your Score History

You have not taken this quiz